La Pia Almoina de Barcelona (1161-1350) : estudi d'un patrimoni eclesiàstic català baixmedieval / Tomàs López Pizcueta estudi d'un patrimoni eclesiàstic català baixmedieval / Tomàs López Pizcueta
Descripción Física:
656 p., 1 map. pleg. ; 24 cm
Colección:
Estudis ; 16
Otros Autores:
Fundació Noguera
Materias:
Pia Almoina (Barcelona) -- Història
MARC
| LEADER | 00000nam a2200000Ia 4500 | ||
|---|---|---|---|
| 001 | 12334 | ||
| 008 | 160829s1998 xx 000 0 cat d | ||
| 080 | |a H-1-100 | ||
| 100 | |a López Pizcueta, Tomás |9 25089 | ||
| 245 | |a La Pia Almoina de Barcelona (1161-1350) : |b estudi d'un patrimoni eclesiàstic català baixmedieval / Tomàs López Pizcueta | ||
| 260 | |a Barcelona : |b Fundació Noguera, |c 1998 | ||
| 300 | |a 656 p., 1 map. pleg. ; |c 24 cm | ||
| 490 | |a Estudis ; 16 | ||
| 650 | |a Pia Almoina (Barcelona) |x Història |9 25090 | ||
| 700 | |a Fundació Noguera |9 70407 | ||
| 901 | |a Arxiu | ||
| 942 | |n 1 | ||
| 952 | |0 0 |1 0 |4 0 |6 H1100 |7 1 |9 43442 |a Arxiu |b Arxiu |d 2016-12-01 |l 0 |o H-1-100 |p 12334 |r 2016-12-01 00:00:00 |w 2016-12-01 |y ARXIU | ||
| 999 | |c 45988 |d 45988 | ||